[Event "April 9 Late 2024"]
[Site "Chess.com"]
[Date "2024.04.09"]
[Round "7"]
[White "De Souza, Arthur Olintho"]
[Black "Rangel, Daniel"]
[Result "0-1"]
[Board "102"]
[WhiteFideId "2116200"]
[BlackFideId "2124475"]
[BlackTitle "FM"]
[WhiteElo "2199"]
[BlackElo "2473"]
[WhiteTeam "BRA"]
[BlackTeam "BRA"]
[WhiteClock "0:01:12"]
[BlackClock "0:02:11"]
[Variant "Standard"]

1. Nf3 {[%clk 0:02:58]}  Nf6 {[%clk 0:02:59]} 2. b3 {[%clk 0:02:58]}  g6 {[%clk 0:02:59]} 3. Bb2 {[%clk 0:02:59]}  Bg7 {[%clk 0:03:00]} 4. e3 {[%clk 0:02:59]}  O-O {[%clk 0:03:00]} 5. Be2 {[%clk 0:03:00]}  d5 {[%clk 0:03:01]} 6. O-O {[%clk 0:03:00]}  c5 {[%clk 0:03:02]} 7. c4 {[%clk 0:03:00]}  Nc6 {[%clk 0:03:00]} 8. cxd5 {[%clk 0:03:00]}  Qxd5 {[%clk 0:03:01]} 9. Nc3 {[%clk 0:02:59]}  Qd7 {[%clk 0:03:01]} 10. a3 {[%clk 0:02:59]}  b6 {[%clk 0:03:02]} 11. Qc2 {[%clk 0:02:58]}  Bb7 {[%clk 0:03:01]} 12. Rfd1 {[%clk 0:02:58]}  Rac8 {[%clk 0:03:01]} 13. Rac1 {[%clk 0:02:58]}  Nd4 {[%clk 0:02:48]} 14. exd4 {[%clk 0:02:06]}  cxd4 {[%clk 0:02:49]} 15. Ne5 {[%clk 0:01:54]}  Qe6 {[%clk 0:02:32]} 16. Nxf7 {[%clk 0:01:13]}  dxc3 {[%clk 0:02:23]} 17. Bc4 {[%clk 0:01:11]}  Rxc4 {[%clk 0:02:21]} 18. bxc4 {[%clk 0:01:11]}  cxb2 {[%clk 0:02:21]} 19. Qxb2 {[%clk 0:01:12]}  Qxf7 {[%clk 0:02:11]} 20. d4 {[%clk 0:01:12]} 0-1

[Event "April 9 Late 2024"]
[Site "Chess.com"]
[Date "2024.04.09"]
[Round "7"]
[White "Bilan, Danila"]
[Black "Marcziter, Dmitrii"]
[Result "1-0"]
[Board "105"]
[WhiteFideId "24161918"]
[BlackFideId "13900765"]
[WhiteTitle "FM"]
[BlackTitle "FM"]
[WhiteElo "2560"]
[BlackElo "2323"]
[WhiteTeam "RUS"]
[BlackTeam "GER"]
[WhiteClock "0:00:10"]
[BlackClock "0:00:00"]
[Variant "Standard"]

1. d4 {[%clk 0:02:59]}  Nf6 {[%clk 0:02:46]} 2. Nf3 {[%clk 0:02:59]}  g6 {[%clk 0:02:45]} 3. Bg5 {[%clk 0:02:59]}  Ne4 {[%clk 0:02:43]} 4. Bh4 {[%clk 0:02:58]}  Bg7 {[%clk 0:02:42]} 5. c3 {[%clk 0:02:59]}  d5 {[%clk 0:02:41]} 6. Nbd2 {[%clk 0:02:59]}  Bf5 {[%clk 0:02:41]} 7. e3 {[%clk 0:02:59]}  O-O {[%clk 0:02:40]} 8. Nxe4 {[%clk 0:02:58]}  Bxe4 {[%clk 0:02:39]} 9. Bd3 {[%clk 0:02:56]}  Bxd3 {[%clk 0:02:38]} 10. Qxd3 {[%clk 0:02:57]}  Nd7 {[%clk 0:02:37]} 11. e4 {[%clk 0:02:56]}  dxe4 {[%clk 0:02:27]} 12. Qxe4 {[%clk 0:02:57]}  Nf6 {[%clk 0:02:28]} 13. Qxb7 {[%clk 0:02:33]}  Rb8 {[%clk 0:02:25]} 14. Qxa7 {[%clk 0:02:33]}  Rxb2 {[%clk 0:02:25]} 15. O-O {[%clk 0:02:33]}  Rc2 {[%clk 0:02:14]} 16. Rac1 {[%clk 0:02:25]}  Rb2 {[%clk 0:02:03]} 17. Qa3 {[%clk 0:02:16]}  Rb6 {[%clk 0:01:49]} 18. Ne5 {[%clk 0:02:09]}  e6 {[%clk 0:01:44]} 19. Rb1 {[%clk 0:02:01]}  Qd5 {[%clk 0:01:37]} 20. Rxb6 {[%clk 0:00:57]}  cxb6 {[%clk 0:01:32]} 21. Qb3 {[%clk 0:00:56]}  Ra8 {[%clk 0:01:12]} 22. Bxf6 {[%clk 0:00:49]}  Bxf6 {[%clk 0:01:05]} 23. Qxd5 {[%clk 0:00:43]}  exd5 {[%clk 0:01:03]} 24. Nd7 {[%clk 0:00:40]}  Bd8 {[%clk 0:01:02]} 25. Ra1 {[%clk 0:00:36]}  f6 {[%clk 0:01:00]} 26. Rb1 {[%clk 0:00:10]}  Rxa2 {[%clk 0:00:49]} 27. g3 {[%clk 0:00:10]}  Ra6 {[%clk 0:00:39]} 28. Nb8 {[%clk 0:00:09]}  Ra3 {[%clk 0:00:35]} 29. Nc6 {[%clk 0:00:09]}  Bc7 {[%clk 0:00:33]} 30. Ne7+ {[%clk 0:00:10]}  Kf7 {[%clk 0:00:31]} 31. Nxd5 {[%clk 0:00:10]}  Bd8 {[%clk 0:00:29]} 32. c4 {[%clk 0:00:11]}  Rd3 {[%clk 0:00:26]} 33. Nxb6 {[%clk 0:00:11]}  Rxd4 {[%clk 0:00:24]} 34. c5 {[%clk 0:00:11]}  Bxb6 {[%clk 0:00:18]} 35. cxb6 {[%clk 0:00:09]}  Rd8 {[%clk 0:00:19]} 36. b7 {[%clk 0:00:09]}  Rb8 {[%clk 0:00:19]} 37. f4 {[%clk 0:00:10]}  Ke6 {[%clk 0:00:20]} 38. Kf2 {[%clk 0:00:10]}  Kd5 {[%clk 0:00:19]} 39. Ke3 {[%clk 0:00:11]}  Kc6 {[%clk 0:00:20]} 40. Kd4 {[%clk 0:00:11]}  Rd8+ {[%clk 0:00:18]} 41. Kc4 {[%clk 0:00:11]}  Rb8 {[%clk 0:00:18]} 42. Rb3 {[%clk 0:00:10]}  f5 {[%clk 0:00:16]} 43. Kd4 {[%clk 0:00:10]}  Kd6 {[%clk 0:00:16]} 44. h4 {[%clk 0:00:08]}  h5 {[%clk 0:00:14]} 45. Rb1 {[%clk 0:00:08]}  Kc6 {[%clk 0:00:07]} 46. Ke5 {[%clk 0:00:09]}  Rxb7 {[%clk 0:00:05]} 47. Rxb7 {[%clk 0:00:08]}  Kxb7 {[%clk 0:00:06]} 48. Kf6 {[%clk 0:00:08]}  Kc6 {[%clk 0:00:07]} 49. Kxg6 {[%clk 0:00:09]}  Kd5 {[%clk 0:00:08]} 50. Kxf5 {[%clk 0:00:09]}  Kd6 {[%clk 0:00:07]} 51. Kg5 {[%clk 0:00:09]}  Ke7 {[%clk 0:00:08]} 52. Kxh5 {[%clk 0:00:09]}  Kf8 {[%clk 0:00:00]} 53. Kg6 {[%clk 0:00:10]} 1-0

[Event "April 9 Late 2024"]
[Site "Chess.com"]
[Date "2024.04.09"]
[Round "7"]
[White "Andrew D Green"]
[Black "Bogaudinov, Rushan"]
[Result "0-1"]
[Board "108"]
[WhiteFideId "2401762"]
[BlackFideId "4129288"]
[WhiteTitle "CM"]
[BlackTitle "FM"]
[WhiteElo "2318"]
[BlackElo "2471"]
[WhiteTeam "SCO"]
[BlackTeam "RUS"]
[WhiteClock "0:00:00"]
[BlackClock "0:00:09"]
[Variant "Standard"]

1. d4 {[%clk 0:03:00]}  e6 {[%clk 0:02:50]} 2. Nf3 {[%clk 0:02:55]}  d5 {[%clk 0:02:50]} 3. Bf4 {[%clk 0:02:53]}  Nf6 {[%clk 0:02:43]} 4. e3 {[%clk 0:02:52]}  Be7 {[%clk 0:02:39]} 5. Ne5 {[%clk 0:02:53]}  O-O {[%clk 0:02:39]} 6. Bd3 {[%clk 0:02:52]}  b6 {[%clk 0:02:37]} 7. Nd2 {[%clk 0:02:45]}  Bb7 {[%clk 0:02:37]} 8. Qf3 {[%clk 0:02:44]}  Nbd7 {[%clk 0:02:35]} 9. Qh3 {[%clk 0:02:43]}  g6 {[%clk 0:02:30]} 10. g4 {[%clk 0:02:29]}  Nxe5 {[%clk 0:02:26]} 11. dxe5 {[%clk 0:02:13]}  Ne4 {[%clk 0:02:24]} 12. Nxe4 {[%clk 0:01:58]}  dxe4 {[%clk 0:02:23]} 13. Bc4 {[%clk 0:01:48]}  Bd5 {[%clk 0:02:02]} 14. O-O-O {[%clk 0:01:40]}  c6 {[%clk 0:02:02]} 15. Kb1 {[%clk 0:01:35]}  Bg5 {[%clk 0:01:52]} 16. Qg3 {[%clk 0:01:24]}  Bxf4 {[%clk 0:01:51]} 17. exf4 {[%clk 0:01:23]}  b5 {[%clk 0:01:45]} 18. Bf1 {[%clk 0:01:13]}  f6 {[%clk 0:01:33]} 19. Bg2 {[%clk 0:00:48]}  fxe5 {[%clk 0:01:33]} 20. fxe5 {[%clk 0:00:45]}  Qg5 {[%clk 0:01:32]} 21. Rhf1 {[%clk 0:00:30]}  Qf4 {[%clk 0:01:31]} 22. Rde1 {[%clk 0:00:23]}  Kg7 {[%clk 0:01:12]} 23. b3 {[%clk 0:00:23]}  Rf7 {[%clk 0:01:06]} 24. Re3 {[%clk 0:00:22]}  Raf8 {[%clk 0:01:05]} 25. Qh4 {[%clk 0:00:13]}  Qxe5 {[%clk 0:00:53]} 26. f4 {[%clk 0:00:13]}  Qd4 {[%clk 0:00:35]} 27. Rh3 {[%clk 0:00:13]}  Kg8 {[%clk 0:00:32]} 28. f5 {[%clk 0:00:13]}  exf5 {[%clk 0:00:29]} 29. gxf5 {[%clk 0:00:13]}  Qg7 {[%clk 0:00:21]} 30. Bxe4 {[%clk 0:00:09]}  Bxe4 {[%clk 0:00:18]} 31. Qxe4 {[%clk 0:00:10]}  Rxf5 {[%clk 0:00:17]} 32. Re1 {[%clk 0:00:09]}  Qf7 {[%clk 0:00:15]} 33. Rc3 {[%clk 0:00:08]}  Rf6 {[%clk 0:00:14]} 34. h4 {[%clk 0:00:06]}  Qd7 {[%clk 0:00:12]} 35. h5 {[%clk 0:00:05]}  Rf1 {[%clk 0:00:11]} 36. hxg6 {[%clk 0:00:03]}  Rxe1+ {[%clk 0:00:11]} 37. Qxe1 {[%clk 0:00:04]}  hxg6 {[%clk 0:00:12]} 38. Rg3 {[%clk 0:00:04]}  Rf6 {[%clk 0:00:10]} 39. Qe5 {[%clk 0:00:00]}  Kf7 {[%clk 0:00:09]} 0-1

[Event "April 9 Late 2024"]
[Site "Chess.com"]
[Date "2024.04.09"]
[Round "7"]
[White "Belmonte, Diego Mariano"]
[Black "Rodrigues Mota, Romulo Cardoso S"]
[Result "0-1"]
[Board "111"]
[WhiteFideId "105856"]
[BlackFideId "2187442"]
[WhiteTitle "FM"]
[WhiteElo "2452"]
[BlackElo "2303"]
[WhiteTeam "ARG"]
[BlackTeam "BRA"]
[WhiteClock "0:00:00"]
[BlackClock "0:02:03"]
[Variant "Standard"]

1. d4 {[%clk 0:02:54]}  Nf6 {[%clk 0:02:58]} 2. Bg5 {[%clk 0:02:54]}  e6 {[%clk 0:02:57]} 3. e4 {[%clk 0:02:53]}  d5 {[%clk 0:02:57]} 4. e5 {[%clk 0:02:51]}  h6 {[%clk 0:02:58]} 5. Be3 {[%clk 0:02:48]}  Nfd7 {[%clk 0:02:57]} 6. Nd2 {[%clk 0:02:46]}  c5 {[%clk 0:02:57]} 7. c3 {[%clk 0:02:46]}  Nc6 {[%clk 0:02:57]} 8. f4 {[%clk 0:02:42]}  Qb6 {[%clk 0:02:57]} 9. Ngf3 {[%clk 0:02:06]}  Qxb2 {[%clk 0:02:36]} 10. Nb3 {[%clk 0:01:32]}  c4 {[%clk 0:02:20]} 11. Bc1 {[%clk 0:01:21]}  Qxc3+ {[%clk 0:02:19]} 12. Bd2 {[%clk 0:01:22]}  Qb2 {[%clk 0:02:11]} 13. Rb1 {[%clk 0:00:33]}  Qxa2 {[%clk 0:02:10]} 14. Nc5 {[%clk 0:00:20]}  Nxc5 {[%clk 0:02:08]} 15. Ra1 {[%clk 0:00:16]}  Qb3 {[%clk 0:02:03]} 16. dxc5 {[%clk 0:00:08]}  Qxd1+ {[%clk 0:02:04]} 17. Rxd1 {[%clk 0:00:07]}  Bxc5 {[%clk 0:02:04]} 18. Bc3 {[%clk 0:00:05]}  b5 {[%clk 0:02:04]} 19. f5 {[%clk 0:00:05]}  b4 {[%clk 0:02:05]} 20. Bd2 {[%clk 0:00:04]}  a5 {[%clk 0:02:02]} 21. Bf4 {[%clk 0:00:03]}  a4 {[%clk 0:02:02]} 22. fxe6 {[%clk 0:00:02]}  Bxe6 {[%clk 0:02:02]} 23. Be2 {[%clk 0:00:03]}  b3 {[%clk 0:02:02]} 24. Bd2 {[%clk 0:00:02]}  a3 {[%clk 0:02:02]} 25. Bc3 {[%clk 0:00:02]}  Bb4 {[%clk 0:02:03]} 26. Bxb4 {[%clk 0:00:02]}  Nxb4 {[%clk 0:02:04]} 27. Nd4 {[%clk 0:00:02]}  a2 {[%clk 0:02:03]} 28. Kd2 {[%clk 0:00:01]}  b2 {[%clk 0:02:03]} 29. Kc3 {[%clk 0:00:01]}  a1=Q {[%clk 0:02:04]} 30. Rxa1 {[%clk 0:00:01]}  bxa1=Q+ {[%clk 0:02:05]} 31. Rxa1 {[%clk 0:00:01]}  Rxa1 {[%clk 0:02:05]} 32. Kxb4 {[%clk 0:00:01]}  Kd7 {[%clk 0:02:04]} 33. Bh5 {[%clk 0:00:01]}  Rb8+ {[%clk 0:02:04]} 34. Kc3 {[%clk 0:00:01]}  Ra3+ {[%clk 0:02:04]} 35. Kc2 {[%clk 0:00:02]}  c3 {[%clk 0:02:03]} 36. Bf3 {[%clk 0:00:01]}  Rb2+ {[%clk 0:02:04]} 37. Kd3 {[%clk 0:00:01]}  Rd2+ {[%clk 0:02:04]} 38. Ke3 {[%clk 0:00:01]}  Rxd4 {[%clk 0:02:03]} 39. Kxd4 {[%clk 0:00:00]}  c2 {[%clk 0:02:03]} 0-1

[Event "April 9 Late 2024"]
[Site "Chess.com"]
[Date "2024.04.09"]
[Round "7"]
[White "Montano Vicente, Guadalupe"]
[Black "Bold, Andre"]
[Result "1/2-1/2"]
[Board "114"]
[WhiteFideId "5181399"]
[BlackFideId "16208471"]
[BlackTitle "CM"]
[WhiteElo "2288"]
[BlackElo "2431"]
[WhiteTeam "MEX"]
[BlackTeam "GER"]
[WhiteClock "0:00:11"]
[BlackClock "0:00:11"]
[Variant "Standard"]

1. d4 {[%clk 0:03:00]}  Nf6 {[%clk 0:02:58]} 2. c4 {[%clk 0:03:01]}  e6 {[%clk 0:02:58]} 3. Nf3 {[%clk 0:02:58]}  b6 {[%clk 0:02:56]} 4. g3 {[%clk 0:02:57]}  Bb7 {[%clk 0:02:57]} 5. Bg2 {[%clk 0:02:57]}  Be7 {[%clk 0:02:56]} 6. O-O {[%clk 0:02:58]}  O-O {[%clk 0:02:57]} 7. Nc3 {[%clk 0:02:56]}  Ne4 {[%clk 0:02:56]} 8. Nxe4 {[%clk 0:02:51]}  Bxe4 {[%clk 0:02:57]} 9. Ne1 {[%clk 0:02:39]}  Bxg2 {[%clk 0:02:57]} 10. Nxg2 {[%clk 0:02:40]}  d5 {[%clk 0:02:57]} 11. cxd5 {[%clk 0:02:36]}  Qxd5 {[%clk 0:02:52]} 12. Nf4 {[%clk 0:02:32]}  Qd7 {[%clk 0:02:51]} 13. e4 {[%clk 0:02:32]}  Nc6 {[%clk 0:02:36]} 14. Be3 {[%clk 0:02:30]}  Rad8 {[%clk 0:02:20]} 15. d5 {[%clk 0:02:28]}  exd5 {[%clk 0:02:17]} 16. Nxd5 {[%clk 0:02:26]}  Ne5 {[%clk 0:02:12]} 17. Qc2 {[%clk 0:02:15]}  c6 {[%clk 0:02:03]} 18. Nxe7+ {[%clk 0:02:12]}  Qxe7 {[%clk 0:02:04]} 19. Bf4 {[%clk 0:02:01]}  c5 {[%clk 0:02:00]} 20. Bxe5 {[%clk 0:01:58]}  Qxe5 {[%clk 0:02:01]} 21. Rad1 {[%clk 0:01:53]}  h5 {[%clk 0:02:00]} 22. f4 {[%clk 0:01:49]}  Qe6 {[%clk 0:01:55]} 23. e5 {[%clk 0:01:44]}  Qxa2 {[%clk 0:01:44]} 24. Ra1 {[%clk 0:01:40]}  Qd5 {[%clk 0:01:38]} 25. Rxa7 {[%clk 0:01:36]}  c4 {[%clk 0:01:32]} 26. Qf2 {[%clk 0:01:29]}  b5 {[%clk 0:01:21]} 27. Raa1 {[%clk 0:01:25]}  Qd2 {[%clk 0:01:06]} 28. Qxd2 {[%clk 0:01:10]}  Rxd2 {[%clk 0:01:07]} 29. Rf2 {[%clk 0:01:09]}  Rfd8 {[%clk 0:01:06]} 30. Raf1 {[%clk 0:00:57]}  b4 {[%clk 0:01:06]} 31. f5 {[%clk 0:00:51]}  R8d5 {[%clk 0:00:39]} 32. e6 {[%clk 0:00:50]}  Rxf2 {[%clk 0:00:36]} 33. Rxf2 {[%clk 0:00:45]}  fxe6 {[%clk 0:00:37]} 34. fxe6 {[%clk 0:00:44]}  Re5 {[%clk 0:00:37]} 35. Rc2 {[%clk 0:00:44]}  Re4 {[%clk 0:00:37]} 36. Kf2 {[%clk 0:00:29]}  Kf8 {[%clk 0:00:36]} 37. Kf3 {[%clk 0:00:28]}  Rd4 {[%clk 0:00:36]} 38. Ke3 {[%clk 0:00:27]}  Rd3+ {[%clk 0:00:36]} 39. Ke4 {[%clk 0:00:26]}  Rb3 {[%clk 0:00:36]} 40. Rxc4 {[%clk 0:00:20]}  Rxb2 {[%clk 0:00:36]} 41. Ke5 {[%clk 0:00:19]}  b3 {[%clk 0:00:17]} 42. Rc8+ {[%clk 0:00:19]}  Ke7 {[%clk 0:00:17]} 43. Rc7+ {[%clk 0:00:20]}  Ke8 {[%clk 0:00:17]} 44. Rc8+ {[%clk 0:00:20]}  Ke7 {[%clk 0:00:17]} 45. Rc7+ {[%clk 0:00:20]}  Kd8 {[%clk 0:00:16]} 46. Rxg7 {[%clk 0:00:20]}  Re2+ {[%clk 0:00:16]} 47. Kd6 {[%clk 0:00:20]}  Rd2+ {[%clk 0:00:16]} 48. Kc6 {[%clk 0:00:19]}  b2 {[%clk 0:00:15]} 49. Rb7 {[%clk 0:00:16]}  Rxh2 {[%clk 0:00:13]} 50. Kd6 {[%clk 0:00:15]}  Rd2+ {[%clk 0:00:13]} 51. Ke5 {[%clk 0:00:15]}  Ke8 {[%clk 0:00:13]} 52. Kf6 {[%clk 0:00:15]}  Rf2+ {[%clk 0:00:12]} 53. Kg5 {[%clk 0:00:15]}  Re2 {[%clk 0:00:12]} 54. Kf6 {[%clk 0:00:14]}  Rf2+ {[%clk 0:00:12]} 55. Kg5 {[%clk 0:00:15]}  Kd8 {[%clk 0:00:10]} 56. Kxh5 {[%clk 0:00:14]}  Re2 {[%clk 0:00:11]} 57. e7+ {[%clk 0:00:12]}  Ke8 {[%clk 0:00:09]} 58. g4 {[%clk 0:00:12]}  Rxe7 {[%clk 0:00:07]} 59. Rxb2 {[%clk 0:00:11]}  Kf7 {[%clk 0:00:08]} 60. Kg5 {[%clk 0:00:11]}  Kg8 {[%clk 0:00:08]} 61. Rb8+ {[%clk 0:00:10]}  Kg7 {[%clk 0:00:08]} 62. Rb6 {[%clk 0:00:10]}  Ra7 {[%clk 0:00:08]} 63. Kf4 {[%clk 0:00:09]}  Kg8 {[%clk 0:00:08]} 64. g5 {[%clk 0:00:09]}  Ra8 {[%clk 0:00:09]} 65. Kf5 {[%clk 0:00:10]}  Rc8 {[%clk 0:00:09]} 66. Kg6 {[%clk 0:00:10]}  Rd8 {[%clk 0:00:09]} 67. Rf6 {[%clk 0:00:10]}  Ra8 {[%clk 0:00:09]} 68. Re6 {[%clk 0:00:11]}  Rb8 {[%clk 0:00:09]} 69. Kh6 {[%clk 0:00:11]}  Ra8 {[%clk 0:00:09]} 70. g6 {[%clk 0:00:12]}  Rb8 {[%clk 0:00:09]} 71. g7 {[%clk 0:00:11]}  Ra8 {[%clk 0:00:10]} 72. Kg6 {[%clk 0:00:12]}  Rb8 {[%clk 0:00:10]} 73. Rf6 {[%clk 0:00:12]}  Ra8 {[%clk 0:00:11]} 74. Re6 {[%clk 0:00:12]}  Rb8 {[%clk 0:00:11]} 75. Rf6 {[%clk 0:00:11]}  Ra8 {[%clk 0:00:11]} 76. Kh6 {[%clk 0:00:09]}  Rb8 {[%clk 0:00:12]} 77. Rg6 {[%clk 0:00:10]}  Rc8 {[%clk 0:00:12]} 78. Rg5 {[%clk 0:00:10]}  Rc6+ {[%clk 0:00:12]} 79. Rg6 {[%clk 0:00:10]}  Rxg6+ {[%clk 0:00:11]} 80. Kxg6 {[%clk 0:00:11]} 1/2-1/2

[Event "April 9 Late 2024"]
[Site "Chess.com"]
[Date "2024.04.09"]
[Round "7"]
[White "Zampronha, Wladimir Camilo"]
[Black "Martinez Lopez, David"]
[Result "1-0"]
[Board "116"]
[WhiteFideId "2103087"]
[BlackFideId "22235779"]
[BlackTitle "FM"]
[WhiteElo "2412"]
[BlackElo "2338"]
[WhiteTeam "BRA"]
[BlackTeam "ESP"]
[WhiteClock "0:01:37"]
[BlackClock "0:02:19"]
[Variant "Standard"]

1. e4 {[%clk 0:03:00]}  c5 {[%clk 0:02:59]} 2. Nf3 {[%clk 0:03:00]}  d6 {[%clk 0:03:00]} 3. d4 {[%clk 0:03:01]}  cxd4 {[%clk 0:03:01]} 4. Nxd4 {[%clk 0:03:01]}  Nf6 {[%clk 0:03:01]} 5. Nc3 {[%clk 0:03:02]}  Nc6 {[%clk 0:03:02]} 6. Bg5 {[%clk 0:03:02]}  e6 {[%clk 0:03:01]} 7. Qd2 {[%clk 0:03:02]}  a6 {[%clk 0:03:02]} 8. O-O-O {[%clk 0:03:01]}  Bd7 {[%clk 0:03:02]} 9. f4 {[%clk 0:03:01]}  Be7 {[%clk 0:03:01]} 10. Bc4 {[%clk 0:02:57]}  b5 {[%clk 0:03:00]} 11. Bb3 {[%clk 0:02:18]}  b4 {[%clk 0:03:00]} 12. Na4 {[%clk 0:02:17]}  Nxe4 {[%clk 0:02:53]} 13. Qe2 {[%clk 0:02:18]}  Nxg5 {[%clk 0:02:48]} 14. fxg5 {[%clk 0:02:18]}  Nxd4 {[%clk 0:02:39]} 15. Rxd4 {[%clk 0:02:16]}  Qa5 {[%clk 0:02:39]} 16. Qf3 {[%clk 0:01:44]}  O-O-O {[%clk 0:02:27]} 17. Qa8+ {[%clk 0:01:36]}  Kc7 {[%clk 0:02:19]} 18. Rc4+ {[%clk 0:01:37]} 1-0

[Event "April 9 Late 2024"]
[Site "Chess.com"]
[Date "2024.04.09"]
[Round "7"]
[White "Yushko, Olga"]
[Black "Buenafe Moya, Javier"]
[Result "0-1"]
[Board "120"]
[WhiteFideId "14114500"]
[BlackFideId "2206412"]
[WhiteTitle "WFM"]
[BlackTitle "FM"]
[WhiteElo "2253"]
[BlackElo "2394"]
[WhiteTeam "UKR"]
[BlackTeam "ESP"]
[WhiteClock "0:00:21"]
[BlackClock "0:00:02"]
[Variant "Standard"]

1. d4 {[%clk 0:02:59]}  Nf6 {[%clk 0:02:59]} 2. c4 {[%clk 0:02:59]}  e6 {[%clk 0:02:57]} 3. Nc3 {[%clk 0:02:59]}  Bb4 {[%clk 0:02:57]} 4. Bd2 {[%clk 0:03:00]}  O-O {[%clk 0:02:51]} 5. e3 {[%clk 0:03:00]}  c5 {[%clk 0:02:48]} 6. Nf3 {[%clk 0:03:00]}  d5 {[%clk 0:02:44]} 7. cxd5 {[%clk 0:02:58]}  exd5 {[%clk 0:02:42]} 8. Be2 {[%clk 0:02:53]}  Nc6 {[%clk 0:02:39]} 9. O-O {[%clk 0:02:53]}  Bg4 {[%clk 0:02:36]} 10. dxc5 {[%clk 0:02:53]}  Bxc5 {[%clk 0:02:31]} 11. h3 {[%clk 0:02:51]}  Bh5 {[%clk 0:02:27]} 12. Qb3 {[%clk 0:02:49]}  b6 {[%clk 0:02:16]} 13. Rfd1 {[%clk 0:02:46]}  Na5 {[%clk 0:02:07]} 14. Qa4 {[%clk 0:02:45]}  Nc4 {[%clk 0:01:49]} 15. Bxc4 {[%clk 0:02:40]}  dxc4 {[%clk 0:01:49]} 16. Qxc4 {[%clk 0:02:41]}  Bxf3 {[%clk 0:01:48]} 17. gxf3 {[%clk 0:02:40]}  Rc8 {[%clk 0:01:47]} 18. Qh4 {[%clk 0:02:38]}  Be7 {[%clk 0:01:38]} 19. e4 {[%clk 0:02:32]}  Qc7 {[%clk 0:01:33]} 20. Bf4 {[%clk 0:02:30]}  Qc4 {[%clk 0:01:32]} 21. Qg3 {[%clk 0:02:06]}  Nh5 {[%clk 0:01:27]} 22. Qg4 {[%clk 0:02:06]}  Nxf4 {[%clk 0:01:27]} 23. Qxf4 {[%clk 0:02:07]}  Bf6 {[%clk 0:01:22]} 24. Rac1 {[%clk 0:02:05]}  Bxc3 {[%clk 0:01:17]} 25. Rxc3 {[%clk 0:02:05]}  Qxa2 {[%clk 0:01:18]} 26. Rxc8 {[%clk 0:01:51]}  Rxc8 {[%clk 0:01:17]} 27. Qf5 {[%clk 0:01:49]}  Rf8 {[%clk 0:01:12]} 28. Qe5 {[%clk 0:01:44]}  Qb3 {[%clk 0:01:08]} 29. Rd7 {[%clk 0:01:42]}  Qxf3 {[%clk 0:01:07]} 30. Rxa7 {[%clk 0:01:37]}  Qxh3 {[%clk 0:01:06]} 31. Rb7 {[%clk 0:01:23]}  f6 {[%clk 0:01:00]} 32. Qd5+ {[%clk 0:01:23]}  Kh8 {[%clk 0:01:00]} 33. Rxb6 {[%clk 0:01:14]}  h5 {[%clk 0:00:53]} 34. Rb5 {[%clk 0:01:10]}  g6 {[%clk 0:00:45]} 35. Rb7 {[%clk 0:01:08]}  Rc8 {[%clk 0:00:38]} 36. Qd2 {[%clk 0:00:59]}  g5 {[%clk 0:00:34]} 37. Qe3 {[%clk 0:00:49]}  Qxe3 {[%clk 0:00:22]} 38. fxe3 {[%clk 0:00:49]}  Kg8 {[%clk 0:00:23]} 39. b4 {[%clk 0:00:49]}  Rc4 {[%clk 0:00:22]} 40. b5 {[%clk 0:00:49]}  Rxe4 {[%clk 0:00:10]} 41. Kf2 {[%clk 0:00:50]}  h4 {[%clk 0:00:09]} 42. b6 {[%clk 0:00:49]}  Rb4 {[%clk 0:00:08]} 43. Kf3 {[%clk 0:00:47]}  g4+ {[%clk 0:00:07]} 44. Kf2 {[%clk 0:00:47]}  f5 {[%clk 0:00:05]} 45. Rb8+ {[%clk 0:00:46]}  Kg7 {[%clk 0:00:05]} 46. b7 {[%clk 0:00:47]}  Rb2+ {[%clk 0:00:05]} 47. Kg1 {[%clk 0:00:47]}  g3 {[%clk 0:00:04]} 48. e4 {[%clk 0:00:29]}  h3 {[%clk 0:00:03]} 49. Kf1 {[%clk 0:00:21]}  g2+ {[%clk 0:00:03]} 50. Kg1 {[%clk 0:00:20]}  Rb1+ {[%clk 0:00:03]} 51. Kh2 {[%clk 0:00:20]}  g1=Q+ {[%clk 0:00:02]} 52. Kxh3 {[%clk 0:00:21]}  Rb3+ {[%clk 0:00:02]} 53. Kh4 {[%clk 0:00:21]}  Qg4# {[%clk 0:00:02]} 0-1